000 nam a22 a 4500
999 _c390073
_d390073
003 BLK
005 20210204110459.0
008 201015b bul|||||r ||||||| ||bul||
040 _aBLK
041 _aBUL
_cBUL
080 _aФизика
_b53
_z53
100 _aТиндал, Джон
_eпърви автор
_91299
139 _aТиндал, Джон
245 1 0 _aУспехите на знанието
_bРеч, казана при откриването събранието на Британското о-во в Белфаст
_cДжон Тиндал; Джон Тиндъл.
257 _aBGR
260 _fСливен : печ. Д. П. Костов,
_aСливен
_c1898
300 _a42 с.
_c25 см
380 _a5
490 _9435080
_aКолекция Редки и ценни издания
500 _a(Цена в кумул.) : 0.30 лв.
653 7 _aфизика
_9199275
653 7 _aречи
_9195537
700 _aТиндъл, Джон
_91299
_eпърви автор
852 _aРб 898
_bРц
856 4 _qpdf
_u
856 4 _qpdf
_u
942 _cKNG
_n0
_s1
944 _c2020-10-15
_kВК
999 _d390073